[Event "Helsingor Xtracon op"]
[Site "Helsingor"]
[Date "2016.07.30"]
[Round "9"]
[White "Andersen, Morten"]
[Black "Andreassen, Mikkel"]
[Result "1-0"]
[WhiteElo "2173"]
[BlackElo "1937"]
[PlyCount "67"]
[EventDate "2016.07.23"]
[EventType "swiss"]
[EventRounds "10"]
[EventCountry "DEN"]
[SourceTitle "CBM 173 Extra"]
[Source "ChessBase"]
[SourceDate "2016.08.29"]
[SourceVersion "1"]
[SourceVersionDate "2016.08.29"]
[SourceQuality "1"]

1. c4 c5 2. g3 g6 3. Bg2 Bg7 4. Nc3 Nc6 5. Nf3 e6 6. 0-0 Nge7 7. d3 0-0 8. Bg5 h6 9. Bd2 b6 10. Rb1 Bb7 11. a3 d6 12. b4 Qd7 13. e3 Kh7 14. Ne2 e5 15. Bc3 f5 16. d4 e4 17. Ne1 cxb4 18. axb4 a5 19. b5 Nd8 20. d5 Bxc3 21. Nxc3 Nf7 22. f4 exf3 23. Nxf3 Ne5 24. Nxe5 dxe5 25. d6 Ng8 26. Bxb7 Qxb7 27. Qd5 Qxd5 28. Nxd5 Rab8 29. Nxb6 Nf6 30. Na4 Ne4 31. c5 Nd2 32. c6 Rfe8 33. c7 Rb7 34. b6 1-0

[Event "Politiken Cup 37th"]
[Site "Helsingor"]
[Date "2015.07.28"]
[Round "5"]
[White "Andreassen, Mikkel"]
[Black "Hartung Nielsen, Jens"]
[Result "0-1"]
[WhiteElo "1954"]
[BlackElo "2212"]
[PlyCount "52"]
[EventDate "2015.07.25"]
[EventType "swiss"]
[EventRounds "10"]
[EventCountry "DEN"]
[SourceTitle "CBM 167 Extra"]
[Source "ChessBase"]
[SourceDate "2015.09.14"]
[SourceVersion "1"]
[SourceVersionDate "2015.09.14"]
[SourceQuality "1"]

1. d4 d5 2. c4 e6 3. Nf3 c5 4. cxd5 exd5 5. g3 Nc6 6. Bg2 Nf6 7. 0-0 Be7 8. Nc3 0-0 9. Bg5 c4 10. Ne5 Be6 11. Qd2 Re8 12. Rfd1 h6 13. Nxc6 bxc6 14. Be3 Bb4 15. a3 Ba5 16. Qc2 Rb8 17. Na4 Qc8 18. Bf4 Bf5 19. Qc1 Rxe2 20. Bxb8 Qxb8 21. Qf4 Qxf4 22. gxf4 Bc2 23. Nc3 Bxd1 24. Nxd1 Re1+ 25. Bf1 Ne4 26. Kg2 Nd2 0-1

[Event "Bronshoj Autumn op"]
[Site "Copenhagen"]
[Date "2014.10.??"]
[Round "5"]
[White "Andreassen, Mikkel"]
[Black "Tandrup, Michael"]
[Result "0-1"]
[WhiteElo "1937"]
[BlackElo "1974"]
[PlyCount "70"]
[EventDate "2014.10.23"]
[EventType "swiss"]
[EventRounds "5"]
[EventCountry "DEN"]
[SourceTitle "EXT 2023"]
[Source "ChessBase"]
[SourceDate "2022.10.05"]
[SourceVersion "1"]
[SourceVersionDate "2022.10.05"]
[SourceQuality "1"]

1. d4 Nf6 2. c4 g6 3. g3 c5 4. d5 d6 5. Nc3 Bg7 6. Bg2 0-0 7. Nf3 e6 8. 0-0 exd5 9. cxd5 a6 10. a4 Re8 11. h3 Nbd7 12. Nd2 Rb8 13. Nc4 Ne5 14. Na3 Nh5 15. Kh2 f5 16. f4 Nf7 17. Qd3 Nf6 18. Bd2 Bd7 19. Rfe1 b5 20. axb5 axb5 21. Naxb5 Bxb5 22. Nxb5 Ne4 23. Bxe4 Rxe4 24. Ba5 Qe7 25. Nc3 Re3 26. Qc2 Re8 27. Rad1 h5 28. Rd2 h4 29. Rg1 hxg3+ 30. Kg2 Qa7 31. Nd1 Qxa5 32. Nxe3 Rxe3 33. Rd3 Re4 34. Kxg3 c4 35. Qd2 Qa7 0-1

[Event "Copenhagen Challenge"]
[Site "Ballerup"]
[Date "2013.04.28"]
[Round "8"]
[White "Andreassen, Mikkel"]
[Black "Vesterli, Michael"]
[Result "1/2-1/2"]
[WhiteElo "1928"]
[BlackElo "2015"]
[PlyCount "77"]
[EventDate "2013.04.24"]
[EventType "swiss"]
[EventRounds "9"]
[EventCountry "DEN"]
[SourceTitle "CBM 154 Extra"]
[Source "ChessBase"]
[SourceDate "2013.06.25"]
[SourceVersion "2"]
[SourceVersionDate "2013.06.25"]
[SourceQuality "1"]

1. d4 Nf6 2. c4 g6 3. g3 Bg7 4. Bg2 0-0 5. Nc3 d6 6. Nf3 Nbd7 7. 0-0 e5 8. e4 exd4 9. Nxd4 Re8 10. Re1 a6 11. h3 Rb8 12. Be3 Ne5 13. b3 c5 14. Nf3 Nxf3+ 15. Qxf3 b5 16. Rad1 b4 17. Bxc5 bxc3 18. Bxd6 c2 19. Bxb8 cxd1Q 20. Rxd1 Qb6 21. Qf4 Bb7 22. Rd6 Qa5 23. Ba7 Qxa2 24. Bd4 Nh5 25. Qe3 Bf8 26. Rd7 Qb1+ 27. Kh2 Bxe4 28. f3 Bc6 29. Qxe8 Bxd7 30. Qxd7 Qxb3 31. c5 Qb8 32. f4 Qb3 33. Qg4 Qc4 34. f5 Bxc5 35. fxg6 Qxd4 36. gxh7+ Kxh7 37. Qxh5+ Kg7 38. Qg5+ Kf8 39. Qh6+ 1/2-1/2

[Event "Copenhagen Challenge"]
[Site "Ballerup"]
[Date "2013.04.27"]
[Round "6"]
[White "Andreassen, Mikkel"]
[Black "Andersen, Troels Baekgaard"]
[Result "1/2-1/2"]
[WhiteElo "1928"]
[BlackElo "1837"]
[PlyCount "101"]
[EventDate "2013.04.24"]
[EventType "swiss"]
[EventRounds "9"]
[EventCountry "DEN"]
[SourceTitle "CBM 154 Extra"]
[Source "ChessBase"]
[SourceDate "2013.06.25"]
[SourceVersion "2"]
[SourceVersionDate "2013.06.25"]
[SourceQuality "1"]

1. d4 Nf6 2. c4 c5 3. d5 b5 4. cxb5 a6 5. bxa6 g6 6. Nc3 Bg7 7. g3 d6 8. Bg2 0-0 9. Nf3 Bxa6 10. 0-0 Nbd7 11. Rb1 Ng4 12. Qc2 Nge5 13. Nxe5 Nxe5 14. b3 Rb8 15. h3 Qa5 16. Bd2 Qc7 17. f4 Nd7 18. Na4 Nb6 19. Nxb6 Qxb6 20. Rfe1 Rfc8 21. e4 c4+ 22. Be3 Bd4 23. Qd2 Bxe3+ 24. Qxe3 c3 25. Qxb6 Rxb6 26. Re3 c2 27. Rc1 Rb4 28. Bf3 Rd4 29. Kf2 Bd3 30. Ree1 Ba6 31. Be2 Rd2 32. Ke3 Rxe2+ 33. Rxe2 Bxe2 34. Kxe2 Rc3 35. Kd2 Rxg3 36. Rxc2 Rxh3 37. b4 Rh2+ 38. Kd3 Rxc2 39. Kxc2 Kf8 40. b5 Ke8 41. b6 Kd7 42. Kd3 f6 43. a4 Kc8 44. a5 Kb7 45. Kc4 Ka6 46. Kd4 h5 47. Ke3 g5 48. fxg5 fxg5 49. Kf3 Kb7 50. Kg3 Ka6 51. Kh3 1/2-1/2

[Event "Copenhagen Challenge"]
[Site "Ballerup"]
[Date "2013.04.25"]
[Round "3"]
[White "Skovgaard, Ib"]
[Black "Andreassen, Mikkel"]
[Result "1-0"]
[WhiteElo "2028"]
[BlackElo "1928"]
[PlyCount "43"]
[EventDate "2013.04.24"]
[EventType "swiss"]
[EventRounds "9"]
[EventCountry "DEN"]
[SourceTitle "CBM 154 Extra"]
[Source "ChessBase"]
[SourceDate "2013.06.25"]
[SourceVersion "2"]
[SourceVersionDate "2013.06.25"]
[SourceQuality "1"]

1. e4 e5 2. Nf3 Nc6 3. c3 Nf6 4. d4 Nxe4 5. d5 Ne7 6. Nxe5 Ng6 7. Nxg6 hxg6 8. Be3 Bd6 9. Nd2 Qe7 10. Qf3 Nf6 11. 0-0-0 c6 12. Bc4 Kd8 13. Rhe1 Qf8 14. dxc6 dxc6 15. Ne4 Nxe4 16. Qxe4 Bf5 17. Qf3 Kc7 18. Rxd6 Kxd6 19. Rd1+ Kc7 20. Bf4+ Kc8 21. Qxc6+ bxc6 22. Ba6# 1-0

[Event "Valby K41 Aabent-ch 1011"]
[Site "Valby"]
[Date "2011.03.08"]
[Round "10"]
[White "Andreassen, Mikkel"]
[Black "Christensen, Esben"]
[Result "0-1"]
[WhiteElo "1726"]
[BlackElo "2018"]
[PlyCount "82"]
[EventDate "2010.11.03"]
[EventType "swiss"]
[EventRounds "10"]
[EventCountry "DEN"]
[SourceTitle "EXT 2023"]
[Source "ChessBase"]
[SourceDate "2022.10.05"]
[SourceVersion "1"]
[SourceVersionDate "2022.10.05"]
[SourceQuality "1"]

1. d4 Nf6 2. c4 c5 3. d5 b5 4. cxb5 a6 5. bxa6 Bxa6 6. Nc3 g6 7. g3 d6 8. Bg2 Bg7 9. Nf3 0-0 10. 0-0 Nbd7 11. Rb1 Qa5 12. Bd2 Ng4 13. Qc2 Nge5 14. b3 Rfb8 15. h3 c4 16. b4 Rxb4 17. Ne4 Qa4 18. Qxa4 Rxa4 19. Nc3 Ra3 20. Ne1 Nf3+ 21. Nxf3 Bxc3 22. Bxc3 Rxc3 23. Nd4 Ra3 24. Rb2 Nc5 25. Rfb1 c3 26. Rc2 Bc4 27. Nb5 Bxb5 28. Rxb5 Rxa2 29. Rxc3 Rxe2 30. Re3 Ra1+ 31. Bf1 Rd2 32. Kg2 Raa2 33. Rf3 Ne4 34. Bd3 Nxf2 35. Bb1 Ne4+ 36. Kg1 Rg2+ 37. Kf1 Raf2+ 38. Rxf2 Rxf2+ 39. Ke1 Re2+ 40. Kxe2 Nc3+ 41. Ke3 Nxb5 0-1

[Event "Valby K41 Autumn-B"]
[Site "Valby"]
[Date "2009.09.22"]
[Round "3"]
[White "Andreassen, Mikkel"]
[Black "Hojgaard, Knud"]
[Result "1/2-1/2"]
[WhiteElo "1839"]
[BlackElo "1817"]
[PlyCount "26"]
[EventDate "2009.09.08"]
[EventType "swiss"]
[EventRounds "7"]
[EventCountry "DEN"]
[SourceTitle "EXT 2023"]
[Source "ChessBase"]
[SourceDate "2022.10.05"]
[SourceVersion "1"]
[SourceVersionDate "2022.10.05"]
[SourceQuality "1"]

1. d4 e6 2. c4 b6 3. Nc3 Bb4 4. a3 Bxc3+ 5. bxc3 Bb7 6. e3 f5 7. Nf3 Nf6 8. Bd3 Ne4 9. Qc2 0-0 10. Nd2 Nxd2 11. Bxd2 Qe7 12. Rg1 Qh4 13. d5 Na6 1/2-1/2

[Event "Valby K41 Autumn-B"]
[Site "Valby"]
[Date "2009.09.15"]
[Round "2"]
[White "Skjoldager, Mikael"]
[Black "Andreassen, Mikkel"]
[Result "1/2-1/2"]
[WhiteElo "1733"]
[BlackElo "1839"]
[PlyCount "123"]
[EventDate "2009.09.08"]
[EventType "swiss"]
[EventRounds "7"]
[EventCountry "DEN"]
[SourceTitle "EXT 2023"]
[Source "ChessBase"]
[SourceDate "2022.10.05"]
[SourceVersion "1"]
[SourceVersionDate "2022.10.05"]
[SourceQuality "1"]

1. e4 e5 2. Nf3 Nc6 3. Bb5 a6 4. Ba4 Nf6 5. 0-0 b5 6. Bb3 Bb7 7. Re1 Bc5 8. c3 d6 9. d4 Bb6 10. Nbd2 0-0 11. Nf1 h6 12. Ng3 Qd7 13. Bc2 Rad8 14. Nf5 d5 15. dxe5 Nxe4 16. Bxe4 dxe4 17. Qxd7 Rxd7 18. Rxe4 Rd1+ 19. Re1 Rxe1+ 20. Nxe1 Nxe5 21. Bf4 Re8 22. Rd1 Be4 23. Ng3 Ng4 24. Nxe4 Rxe4 25. Bg3 Re2 26. Nd3 c5 27. Kf1 Rc2 28. h3 Nf6 29. Ke1 c4 30. Nb4 Rxb2 31. Rd6 Ba5 32. Rxa6 Bxb4 33. cxb4 Rxb4 34. Ra8+ Kh7 35. Kd1 Rb2 36. Kc1 c3 37. Ra3 b4 38. Rb3 Rxb3 39. axb3 Ne4 40. Bc7 Nxf2 41. Kc2 f5 42. Bd6 g5 43. Bxb4 Kg6 44. Bxc3 h5 45. b4 Kf7 46. b5 Ke6 47. b6 Kd7 48. Kd2 f4 49. Bd4 Ne4+ 50. Kd3 Nd6 51. Be5 Nb7 52. h4 Ke6 53. Bb8 f3 54. gxf3 gxh4 55. Ke2 Kd5 56. Kf2 Nc5 57. Kg2 Kc6 58. Bc7 Ne6 59. Kh3 Ng5+ 60. Kg2 h3+ 61. Kf2 h4 62. f4 1/2-1/2